Mathematical Olympiad in China (2007-2008) (Record no. 106244)
[ view plain ]
| 000 -LEADER | |
|---|---|
| fixed length control field | 01302nam a2200301Ia 4500 |
| 245 00 - TITLE STATEMENT | |
| Title | Mathematical Olympiad in China (2007-2008) |
| 260 ## - PUBLICATION, DISTRIBUTION, ETC. (IMPRINT) | |
| Place of publication | Shanghai, China : |
| Name of publisher | East China Normal University Press ; |
| Place of publication | Singapore ; |
| -- | Hackensack, NJ : |
| Name of publisher | World Scientific, |
| Year of publication | c2009. |
| 300 ## - PHYSICAL DESCRIPTION | |
| Number of Pages | xxvi, 194 p. : |
| Other physical details | ill. |
| 650 #0 - SUBJECT ADDED ENTRY--TOPICAL TERM | |
| Topical Term | Mathematics |
| Topical Term | Mathematics |
| 700 1# - ADDED ENTRY--PERSONAL NAME | |
| Personal name | Lee, P. Y. |
| Personal name | Xiong, Bin. |
| 856 40 - ELECTRONIC LOCATION AND ACCESS | |
| Uniform Resource Identifier | http://site.ebrary.com/lib/rucke/Doc?id=10361574 |
No items available.
